000 00552nam a2200181Ia 4500
008 090124s9999 xx 000 0 und d
082 _b103301
100 _aआफळे गोविंदस्वामी
245 _a संसार तरंग
250 _a1
260 _c1950
300 _a2+7+72
600 _aआफळे गोविंदस्वामी
630 _a संसार तरंग
700 _aआफळे गोविंदस्वामी
730 _a संसार तरंग
942 _cBOOK
999 _c149393
_d149393